Development and testing of a banana sucker uprooting machine as an attachment to a tractor (Record no. 14965)
[ view plain ]
| 000 -LEADER | |
|---|---|
| fixed length control field | 00742nam a22001817a 4500 |
| 003 - CONTROL NUMBER IDENTIFIER | |
| control field | OSt |
| 088 ## - REPORT NUMBER | |
| Report number | P 269 |
| 100 ## - MAIN ENTRY--AUTHOR NAME | |
| Personal name | ASWATHI VISWANATHAN |
| -- | HARIKRISHNAN M |
| 245 ## - TITLE STATEMENT | |
| Title | Development and testing of a banana sucker uprooting machine as an attachment to a tractor |
| 260 ## - PUBLICATION, DISTRIBUTION, ETC. (IMPRINT) | |
| Place of publication | Tavanur 2013 |
| Name of publisher | Department of Farm Power Machinery and Energy |
| 300 ## - PHYSICAL DESCRIPTION | |
| Number of Pages | 59 |
| 500 ## - GENERAL NOTE | |
| General note | Development and testing of a banana sucker uprooting machine as an attachment to a tractor |
| 520 ## - SUMMARY, ETC. | |
| Summary, etc | Development and testing of a banana sucker uprooting machine as an attachment to a tractor |
| 700 ## - ADDED ENTRY--PERSONAL NAME | |
| Personal name | Dr. Jayan P.R (Guide) |
| 856 ## - ELECTRONIC LOCATION AND ACCESS | |
| Uniform Resource Identifier | https://drive.google.com/open?id=1mYSyBoNzWHba-U8xIZdTZjbXkj8wjOuJ |
| 942 ## - ADDED ENTRY ELEMENTS (KOHA) | |
| Koha item type | Project Report |
| Collection code | Home library | Current library | Shelving location | Full call number | Accession Number | Koha item type |
|---|---|---|---|---|---|---|
| Reference | KAUAET | KAUAET | Reference | 631.3 ASW/DR | P 269 | Project Report |
